|
|
|
|
| LEADER |
01775nam a22003732a 4500 |
| 001 |
000145197 |
| 003 |
CZ BrMZK |
| 005 |
20110922110824.0 |
| 007 |
ta |
| 008 |
950101s1980 xr f cze d |
| 015 |
|
|
|a cnb000156389
|
| 035 |
|
|
|a (OCoLC)85268780
|
| 040 |
|
|
|a ABA001
|b cze
|c ABA001
|d ABA001
|
| 041 |
1 |
|
|a cze
|h ger
|
| 080 |
9 |
|
|a 830 (430.1)-311.6 :945.51"14"
|
| 100 |
1 |
|
|a Sinn, Dieter
|4 aut
|
| 245 |
1 |
0 |
|a Mona Lisa - "La Gioconda" /
|c Dieter Sinn ; z německého originálu ... přeložila Věra Houbová
|
| 250 |
|
|
|a 1. vyd.
|
| 260 |
|
|
|a Praha :
|b Lidové nakladatelství,
|c 1980
|e (Čes. Těšín :
|f Tisk 3)
|
| 300 |
|
|
|a 245, [2] s. ;
|c 8°
|
| 490 |
1 |
|
|a Knihy Srdce ;
|v sv. 81
|
| 500 |
|
|
|a Obálku s použitím kresby Karla Halouna a vazbu navrhl Leo Novotný
|
| 500 |
|
|
|a 80000 výt.
|
| 504 |
|
|
|a Obsahuje bibliografii
|
| 520 |
|
|
|a Osudy modelu nejslavnějšího portrétu Leonarda da Vinciho - Lisy del Giocondo - líčí autor v románě na pozadí historických událostí ve Florencii koncem 15. století. Vedle geniálního malíře zde vystupuje i Michelangelo Buonarroti,Niccoló Machiavelli, představitelé florentské signorie, Savonarola, slavný rod Medici aj.
|
| 700 |
1 |
|
|a Houbová, Věra,
|d 1927-
|7 jn20001031031
|4 trl
|
| 765 |
0 |
|
|t Mona Lisa "La Gioconda"
|9 Česky
|
| 830 |
|
0 |
|a Knihy srdce (Lidové nakladatelství)
|0 s
|
| 856 |
4 |
1 |
|u http://www.digitalniknihovna.cz/mzk/uuid/uuid:57b94260-c692-11e2-8b87-005056827e51
|y Digitalizovaný dokument
|x NDK
|
| 910 |
|
|
|a BOA001
|b 2-0822.210
|
| 990 |
|
|
|a BK
|
| 991 |
|
|
|b 201106
|
| 996 |
6 |
|
|b 2610592655
|c 2-0822.210
|l MZK
|r Sklad / do 1 hodiny
|n 0
|p dar
|w 000145197
|u 000020
|a 1
|e BOA001
|j MZK50
|s P
|
| 996 |
7 |
|
|b 2619956565
|c 2-0822.210
|l MZK
|r Sklad / do 1 hodiny
|n 13
|w 000145197
|u 000010
|a 1
|e BOA001
|j MZK50
|s A
|